| Поле | Инд. | ПП | Название | Значение |
|---|---|---|---|---|
| Тип записи | a | |||
| Библиографический уровень | b | |||
| 001 | Контрольный номер | RU/IS/BASE/483108386 | ||
| 005 | Дата корректировки | 20200522191728.6 | ||
| 008 | Кодируемые данные | 20150423 | ||
| 040 | b | Код языка каталог. | rus | |
| e | Правила каталог. | PSBO | ||
| 041 | 0_ | a | Код языка текста | rus |
| 084 | a | Индекс другой классификации/Индекс ББК | 65.31(2Рос)-592 | |
| 100 | 1_ | a | Автор | Ермолов С. |
| 100 | 1_ | a | Автор | Адамов Н. |
| 245 | 10 | a | Заглавие | Модель повышения эффективности логистических процессов за счет сокращения сопутствующих накладных расходов |
| 504 | a | Библиография | Библиогр. | |
| 520 | a | Аннотация | Раскрыты особенности построения материальных потоков в современных условиях. Разработана модель повышения эффективности логистических процессов за счет сокращения сопутствующих накладных расходов. | |
| 650 | 14 | a | Основная рубрика | логистика |
| a | Основная рубрика | экономика строительства | ||
| 653 | 1_ | a | Ключевые слова | логистика строительства |
| a | Ключевые слова | логистическое управление (логистический менеджмент) | ||
| a | Ключевые слова | материально-техническое снабжение | ||
| a | Ключевые слова | материальные потоки | ||
| a | Ключевые слова | менеджмент | ||
| a | Ключевые слова | модель эффективности | ||
| a | Ключевые слова | накладные расходы | ||
| a | Ключевые слова | строительство | ||
| a | Ключевые слова | управление потоками | ||
| a | Ключевые слова | управление рисками (риск-менеджмент) | ||
| a | Ключевые слова | финансовая устойчивость | ||
| a | Ключевые слова | финансовые потоки | ||
| a | Ключевые слова | финансовые ресурсы | ||
| a | Ключевые слова | цепи поставок | ||
| a | Ключевые слова | эффективность логистики | ||
| 773 | 08 | t | Заглавие источника | РИСК: ресурсы, информация, снабжение, конкуренция |
| d | Дата издания источника | 2013 | ||
| g | Прочая информация | № 3. - С. 68 - 72 : расчет., табл. | ||
| w | Контрольный № источника | RU/IS/BASE/439917319 | ||
| 901 | t | Тип документа | b |